000 00417nmm a2200157Ia 4500
008 251105s9999||||xx |||||||||||||||||und||
020 _a9788416110537
041 _aspa
100 _aVergara Palomino, Joaquín
245 0 _aAullidos
264 _a[Madrid, España] :
_bExLibric,
_c2015
300 _a193 páginas
650 _aBiography
856 _uhttps://public.digitaliapublishing.com/a/85382
942 _cCF
999 _c77265
_d77265